000 01076nam a22002657a 4500
999 _c18708
_d18708
003 AR-CdUCM
008 190515b ||||| |||| 00| 0 spa d
040 _aMUNICIPALIDAD PROVINCIAL DEL CUSCO
_cBIBLIOTECA MUNICIPAL DEL CUSCO
041 _heng
082 _a330.973 /
_bP26
100 _aParrington, Vernon Louis
_939447
245 _aEl desarrollo de las ideas en los Estados Unidos :
_binterpretación de la literatura Norteamericana /
260 _aBuenos Aires :
_bBibliográfica Argentina,
_c1959.
300 _a348 paginas ;
_c29 cm.
500 _aTitulo original : Main currents in american thought
505 _aContenido : t.1: Liberalismo y puritanismo -- El trasplante de ideas -- Promotores principales de la tolerancia -- Influencia del independientismo ...
650 _aEconomía liberal
_939448
650 _aSoberanía imperial
_939449
650 _aEstados Unidos
_91805
650 _aLiberalismo
_91985
650 _aEl carácter
_939142
700 _aLerner Bernardo (Traducción)
_939450
942 _2ddc
_cLIBROS
945 _awnts
_d2019-05-15